000 00613nam a22002177a 4500
003 UA-OsUOA
001 100647
007 ta
008 20130529b un ||||| |||| 00| 0 ukr d
100 _aЦвейг Стефан
090 _a82-97
_bЦ26
942 _cBK
040 _aUA-OsUOA
_brus
_cUA-OsUOA
_dUA-OsUOA
245 _aСовесть против насилия: Кастиллио против Кальвина
300 _a238 с.
955 _a3
041 _arus
080 _a82-97
260 _aМ.
_bМысль
_c1988
650 7 _a82 Література. Літературознавство
_2UDC
999 _c386805
_d386805